Q & A on Personal Taxation in Malaysia : (Record no. 4621)
[ view plain ]
| 000 -LEADER | |
|---|---|
| fixed length control field | pam a22 a 4500 |
| 003 - CONTROL NUMBER IDENTIFIER | |
| control field | AKMAL |
| 005 - DATE AND TIME OF LATEST TRANSACTION | |
| control field | 20170607094842.0 |
| 008 - FIXED-LENGTH DATA ELEMENTS--GENERAL INFORMATION | |
| fixed length control field | 17 s2014 my e l 000 0 eng d |
| 020 ## - INTERNATIONAL STANDARD BOOK NUMBER | |
| International Standard Book Number | 9789670498867 |
| Qualifying information | paperback |
| Terms of availability | RM 49.00 |
| 040 ## - CATALOGING SOURCE | |
| Transcribing agency | AKMAL |
| 082 04 - DEWEY DECIMAL CLASSIFICATION NUMBER | |
| Classification number | 336.2009595 THO |
| Edition number | 23 |
| 090 00 - LOCALLY ASSIGNED LC-TYPE CALL NUMBER (OCLC); LOCAL CALL NUMBER (RLIN) | |
| Classification number (OCLC) (R) ; Classification number, CALL (RLIN) (NR) | 336.2009595 |
| Local cutter number (OCLC) ; Book number/undivided call number, CALL (RLIN) | THO |
| 100 1# - MAIN ENTRY--PERSONAL NAME | |
| Personal name | Thornton, Richard, |
| Dates associated with a name | 1933-, |
| Relator term | author. |
| 9 (RLIN) | 8900 |
| 245 10 - TITLE STATEMENT | |
| Title | Q & A on Personal Taxation in Malaysia : |
| Remainder of title | Tax Made Easy Through Everyday Conversations / |
| Statement of responsibility, etc. | Richard Thornton |
| 264 #1 - PRODUCTION, PUBLICATION, DISTRIBUTION, MANUFACTURE, AND COPYRIGHT NOTICE | |
| Place of production, publication, distribution, manufacture | Petaling Jaya, Selangor : |
| Name of producer, publisher, distributor, manufacturer | Thomson Reuters Malaysia Sdn Bhd, |
| Date of production, publication, distribution, manufacture, or copyright notice | 2014 |
| 300 ## - PHYSICAL DESCRIPTION | |
| Extent | xii, 262 pages ; |
| Dimensions | 25 cm |
| 336 ## - CONTENT TYPE | |
| Content type term | text |
| Source | rdacontent |
| 337 ## - MEDIA TYPE | |
| Media type term | unmediated |
| Source | rdamedia |
| 338 ## - CARRIER TYPE | |
| Carrier type term | volume |
| Source | rdacarrier |
| 650 10 - SUBJECT ADDED ENTRY--TOPICAL TERM | |
| Topical term or geographic name entry element | Taxation |
| Geographic subdivision | Malaysia |
| 9 (RLIN) | 179 |
| 650 20 - SUBJECT ADDED ENTRY--TOPICAL TERM | |
| Topical term or geographic name entry element | Income tax |
| Geographic subdivision | Malaysia |
| 9 (RLIN) | 185 |
| 650 20 - SUBJECT ADDED ENTRY--TOPICAL TERM | |
| Topical term or geographic name entry element | Tax administration and procedure |
| Geographic subdivision | Malaysia |
| 9 (RLIN) | 182 |
| 942 ## - ADDED ENTRY ELEMENTS (KOHA) | |
| Source of classification or shelving scheme | |
| Koha item type | Book |
| Withdrawn status | Lost status | Source of classification or shelving scheme | Damaged status | Not for loan | Collection code | Home library | Current library | Shelving location | Date acquired | Inventory number | Total Checkouts | Total Renewals | Full call number | Barcode | Date last seen | Date last checked out | Price effective from | Koha item type |
|---|---|---|---|---|---|---|---|---|---|---|---|---|---|---|---|---|---|---|
| NON-FICTION | AKMAL Melaka | AKMAL Melaka | PINJAMAN | 07.06.2017 | 307016 | 2 | 1 | 336.2009595 THO | 201707352 | 03.04.2018 | 03.04.2018 | 07.06.2017 | Book |
